banner koha

Species richness, relative abundance, and habitat of reproduction of terrestriel frogs in the Triângulo Mineiro, cerrado biome, southeastern Brazil (Registro n. 250204)

MARC details
000 -LÍDER
campo de controle de tamanho fixo 00983nas a2200313 4500
001 - NÚMERO DE CONTROLE
campo de controle BR2016003809
003 - IDENTIFICADOR DO NÚMERO DE CONTROLE
campo de controle BR-BrBNA
005 - DATA E HORÁRIO DA ÚLTIMA TRANSAÇÃO
campo de controle 20231205130600.0
007 - CAMPO FIXO DE DESCRIÇÃO FÍSICA--INFORMAÇÃO GERAL
campo de controle de tamanho fixo ta
008 - CAMPO DE DADOS FIXOS--INFORMAÇÃO GERAL
campo de controle de tamanho fixo 230509b bl.|||p| |||| 00| 00por d
040 ## - FONTE DA CATALOGAÇÃO
Instituição da catalogação original BR-BrBNA
Idioma da catalogação por
Instituição que transcreveu o registro Biblioteca Nacional de Agricultura
041 ## - CÓDIGO DE IDIOMA
Código do idioma do texto/trilha sonora ou título diferente (En)
072 ## - CÓDIGO DE CATEGORIA DE ASSUNTO
Código de Categoria de Assunto L20; M12; L53
100 1# - ENTRADA PRINCIPAL--NOME PESSOAL
Nome pessoal Giaretta, A.A.
100 1# - ENTRADA PRINCIPAL--NOME PESSOAL
Nome pessoal Menin, M.
100 1# - ENTRADA PRINCIPAL--NOME PESSOAL
Nome pessoal Facure, K.G.
100 1# - ENTRADA PRINCIPAL--NOME PESSOAL
Nome pessoal Kokubum, M.N. de C.
100 1# - ENTRADA PRINCIPAL--NOME PESSOAL
Nome pessoal Oliveira Filho, J.C. de
245 1# - TÍTULO
Título Species richness, relative abundance, and habitat of reproduction of terrestriel frogs in the Triângulo Mineiro, cerrado biome, southeastern Brazil
650 ## - ASSUNTO--TERMO TÓPICO
Cabeçalho tópico ou nome geográfico ANFÍBIO
650 ## - ASSUNTO--TERMO TÓPICO
Cabeçalho tópico ou nome geográfico SAPO
650 ## - ASSUNTO--TERMO TÓPICO
Cabeçalho tópico ou nome geográfico
650 ## - ASSUNTO--TERMO TÓPICO
Cabeçalho tópico ou nome geográfico HABITAT
650 ## - ASSUNTO--TERMO TÓPICO
Cabeçalho tópico ou nome geográfico REPRODUÇÃO ANIMAL
650 ## - ASSUNTO--TERMO TÓPICO
Cabeçalho tópico ou nome geográfico ESPÉCIE
773 0# - ENTRADA ANALÍTICA
Título Iheringia. Série Zoologia (Brazil)
ISSN - International Standard Serial Number ISSN 0073-4721
Partes relacionadas (Jun 2008), v. 98(2) p. 181-188
Número de controle do registro BR2016003809
909 ## -
-- 202311
-- Lúcia
-- 55
-- Lúcia Elande
942 ## - ELEMENTOS DE ENTRADA ADICIONADOS (KOHA)
Fonte da classificação ou esquema de arquivamento na estante Classificação AGRIS
Ocultar no OPAC Não
Tipo de material Koha Analítica
Exemplares
Situação do descarte Fonte da classificação ou esquema de arquivamento na estante Situação física Não pode ser emprestado Biblioteca de origem Biblioteca atual Localização na estante Enumeração do periódico / cronologia Total de empréstimos Data de último acesso Número do exemplar Tipo de material Koha Fonte de aquisição
  Classificação AGRIS   Consulta local Biblioteca Nacional de Agricultura - Binagri Biblioteca Nacional de Agricultura - Binagri   (Jun 2008), v. 98(2) p. 181-188   29/11/2023 01 Periódicos Portaria Interministerial nº 164/94

BINAGRI

Telefone: (61)3218-2567/2388/3357/2097 - binagri@agro.gov.br

Ministério da Agricultura e Pecuária , Esplanada dos Ministérios, Bloco D, Anexo B, Brasília/DF, CEP: 70.043-900